01319nam a22003857a 4500003000500000005001700005008004100022010001100063011001100074020001800085035001100103040000900114082001500123100002900138245006500167260004100232300002500273490002900298590004100327590004100368590004100409590004200450650002200492650002600514650002600540650002300566650003600589650003400625830003600659901000700695942001000702949006700712999001900779952013500798CHAP20220329143749.0110725s1996 us a r 00010 eng d a101601 a102573 a9780262133166 a113262 cCHAP04a575.1bM691 aMitchell, Melanie97623513aAn introduction to genetic algorithmsc/por Melanie Mitchell aCambridge, Mass. :bMIT Press,c1996 aviii 209 p. :bilus. aComplex adaptive systems aBATCH-UPDb10c20130110lUCH01h1121 aBATCH-UPDb10c20130410lUCH01h0711 aBATCH-UPDb10c20130914lUCH01h1020 aCONVERSIONb10c20130109lUCH01h135614aAlgoritmos.9407714aComputación.92612214aEstadística.93824114aGenética.94746914aInteligencia artificial.95950714aModelos matemáticos.976419 aComplex adaptive systems926102 aBK cLIBRO a575.1 M69bBCcLIBROd33724002245058eLIBROh115347i113262sb c101601d101601 00102ddc4052708GRALaBCbBCcPA_GRALd2019-12-31fLIBROl0o575.1 M69p33724002245058r2019-12-31 00:00:00w2019-12-31yLIBRO